000
00307nam a22001337a 4500
008
170914b xxu||||| |||| 00| 0 eng d
020
_a
9780151014941
041
_a
eng
080
_a
77
100
_a
44
101
_a
art
245
_a
QUINCY THE HOGGY PHOTOGRA[HER
_c
SEIBOLD.H.O
942
_2
udc
_c
BK
999
_c
27646
_d
27646